Pathology: Quick Review (Record no. 8879)

MARC details
000 -LEADER
fixed length control field 00403nam a22001697a 4500
003 - CONTROL NUMBER IDENTIFIER
control field OSt
008 - FIXED-LENGTH DATA ELEMENTS--GENERAL INFORMATION
fixed length control field 200713b ||||| |||| 00| 0 eng d
020 ## - INTERNATIONAL STANDARD BOOK NUMBER
International Standard Book Number 9781904798200
082 ## - DEWEY DECIMAL CLASSIFICATION NUMBER
Classification number 616.07 MOP
100 ## - MAIN ENTRY--PERSONAL NAME
Personal name Mohan, Harsh
245 ## - TITLE STATEMENT
Title Pathology: Quick Review
250 ## - EDITION STATEMENT
Edition statement 5th
260 ## - PUBLICATION, DISTRIBUTION, ETC. (IMPRINT)
Place of publication, distribution, etc N Delhi
Name of publisher, distributor, etc Jaypee Brother
Date of publication, distribution, etc 2019
300 ## - PHYSICAL DESCRIPTION
Extent 598
650 ## - SUBJECT ADDED ENTRY--TOPICAL TERM
Topical term or geographic name as entry element Pathophysiology quic review
942 ## - ADDED ENTRY ELEMENTS (KOHA)
Source of classification or shelving scheme Dewey Decimal Classification
Koha item type Text Books
Holdings
Withdrawn status Lost status Source of classification or shelving scheme Damaged status Not for loan Collection code Home library Current library Date acquired Source of acquisition Currency Cost, normal purchase price Bill Number Total Checkouts Full call number Acc. no. / Barcode Date last seen Date last borrowed Actual Cost, discounted price Bill Date Koha item type
    Dewey Decimal Classification     B.Pharma PIET C-LIBRARY PIET C-LIBRARY 11/02/2020 Kirti Prakashan Indian Rup 295.00 IN6378 2 616.07 MOP BP1334 20/05/2026 01/05/2026 212.40 11/02/2020 Text Books
    Dewey Decimal Classification     B.Pharma PIET C-LIBRARY PIET C-LIBRARY 11/02/2020 Kirti Prakashan Indian Rup 295.00 IN6378 11 616.07 MOP BP1335 01/05/2026 27/06/2025 212.40 11/02/2020 Text Books
    Dewey Decimal Classification     B.Pharma PIET C-LIBRARY PIET C-LIBRARY 11/02/2020 Kirti Prakashan Indian Rup 295.00 IN6378 8 616.07 MOP BP1336 12/05/2026 01/05/2026 212.40 11/02/2020 Text Books

Design & Developed by: PIET Central Library
R70 Miles Stone Pattikalyana Samalkha Panipat 132102
mail ID :- [email protected], Phone No:- 0180-2569700 Ex.216